Hunt Slonem (Record no. 10512)

MARC details
000 - LÍDER
campo de control de longitud fija 01094nam a2200217Ia 4500
008 - ELEMENTOS DE DATOS DE LONGITUD FIJA - INFORMACIÓN GENERAL
campo de control de longitud fija 0000002002 usad 0000000000eng00
020 ## - INTERNATIONAL STANDARD BOOK NUMBER
International Standard Book Number 897972325
090 ## - NÚMERO DE LLAMADA DE TIPO LC LOCALMENTE ASIGNADO (OCLC)
Número de clasificación (OCLC) (R) PUS00 H85h
245 10 - TÍTULO DECLARACIÓN
Título Hunt Slonem
Resto del título : recent works
260 ## - PUBLICACIÓN, DISTRIBUCIÓN
Lugar de publicación New York : Marlborough Chelsea
Fecha de publicación 2002
300 ## - DESCRIPCIÓN FÍSICA
Alcance 17 p.
Dimensiones / 24 cm.
500 ## - NOTA GENERAL
Nota general Exposición realizada en Marlborough Chelsea, marzo 9 a abril 9 de 2002 \ Incluye datos biográficos del artista \ Registro auspiciado por la FGAA. Bogotá
505 ## - NOTA DE CONTENIDO FORMATEADA
Nota sobre el contenido formateado OBRAS : Rose breasted cockatoos. Hollyhock. Catalayas. Butterfly screen. Green singers on red. Petunia. Siddah and emerald toucans. Lady Gouldians. Pink catalaya. Hombills and Cockatoos. Amazons. Seville orange. Witness veil 5. Siddah and butterflies. Finches. Lories. Ocelots. Macaws
600 00 - ENTRADA DE SUJETO AÑADIDO - NOMBRE PERSONAL
Nombre de la persona SLONEM, HUNT, 1951/
Subdivisión general TRABAJOS PICTORICOS
650 14 - ENTRADA DE SUJETO AÑADIDO - TÉRMINO TÓPICO
Término tópico o elemento de entrada del nombre geográfico ARTE CONTEMPORANEO ESTADOUNIDENSE
650 14 - ENTRADA DE SUJETO AÑADIDO - TÉRMINO TÓPICO
Término tópico o elemento de entrada del nombre geográfico ARTISTAS PLASTICOS ESTADOUNIDENSES
650 14 - ENTRADA DE SUJETO AÑADIDO - TÉRMINO TÓPICO
Subdivisión general CATALOGOS
650 14 - ENTRADA DE SUJETO AÑADIDO - TÉRMINO TÓPICO
Subdivisión general EXPOSICIONES
650 14 - ENTRADA DE SUJETO AÑADIDO - TÉRMINO TÓPICO
Término tópico o elemento de entrada del nombre geográfico PINTORES ESTADOUNIDENSES
650 14 - ENTRADA DE SUJETO AÑADIDO - TÉRMINO TÓPICO
Término tópico o elemento de entrada del nombre geográfico PINTURA ESTADOUNIDENSE
Holdings
Estado de retirada Pérdida de estatus Estado dañado No para préstamo Código de recogida Ubicación permanente Ubicación actual Ubicación de las estanterías Fecha de adquisición Número de llamada completo Código de barras Fecha de la última vez que se vio Número de copia Precio efectivo desde Tipo de artículo Koha
        General ArtNexus ArtNexus General 06/09/2022 P-US-00 H85H 10609 06/09/2022 Ej.1 06/09/2022 Libro

Powered by Koha